| 000 | 01553cam a2200373 i 4500 | ||
|---|---|---|---|
| 001 | 768714001 | ||
| 003 | CO-MdFUSB | ||
| 005 | 20250811121903.0 | ||
| 007 | ta | ||
| 008 | s1986 it r 000 0 ita d | ||
| 020 | _a[No incluye ISBN] | ||
| 040 |
_aCO-BoPUV _bspa _cCO-MdFUSB _dCO-MdFUSBC _erda |
||
| 041 |
_aeng _hita |
||
| 082 | 0 | 4 |
_223 _a261.2 _bR718 |
| 100 | 1 |
_aRoest Crollius, Ary A. _cS.J. _d1933- _eautor |
|
| 245 | 1 | 0 |
_aCreative Inculturation and the Unity of Faith _c/ Arij A. Roest Crollius , Paul Surlis , Thomas Langan , Rodger Van Allen |
| 264 | 1 |
_bPontifical Gregorian University, _aRome : _c[1986] |
|
| 264 | 4 | _c© 1986 | |
| 300 |
_a75 páginas _c; 24 cm |
||
| 336 |
_2rdacontent _atexto _btxt |
||
| 337 |
_2rdamedia _asin mediación _bn |
||
| 338 |
_2rdacarrier _avolumen _bnc |
||
| 490 | _aInculturation : Working Papers on Living Faith and Cultures | ||
| 505 | _aInculturación: de Babel a Pentecostés (Una introducción) / Arij A. Roest Crollius. -- La relación entre la justicia social y la inculturación en el Magisterio Papal / Paul Surlis. -- Acomodar culturas sin disolver la unidad de la fe / Thomas Langan - El catolicismo en Estados Unidos: algunos elementos de inculturación creativa / Rodger Van Allen. | ||
| 563 | _aRústico | ||
| 650 | 7 |
_aReligión y cultura _9388 |
|
| 653 | _aInculturación | ||
| 700 |
_94255 _aSurlis, Paul, _eautor |
||
| 700 |
_94256 _aLangan, Thomas. _eautor |
||
| 700 |
_94257 _aVan Allen, Rodger, _eautor |
||
| 942 | _cBK | ||
| 945 | _aJTF-925 | ||
| 999 |
_c66138 _d66138 |
||